LIBRARY & INFORMATION CENTRE, KCAET, TAVANUR

ONLINE PUBLIC ACCESS CATALOGUE (OPAC)

Teaching of structural words and sentece patterns / (Record no. 5058)

MARC details
000 -LEADER
fixed length control field 00409cam a2200157ua 4500
041 ## - LANGUAGE CODE
Language code of text/sound track or separate title eng
082 ## - DEWEY DECIMAL CLASSIFICATION NUMBER
Classification number 415
Item number HOR/TE
100 ## - MAIN ENTRY--AUTHOR NAME
Personal name Hornby, A S .
245 ## - TITLE STATEMENT
Title Teaching of structural words and sentece patterns /
260 ## - PUBLICATION, DISTRIBUTION, ETC. (IMPRINT)
Place of publication London :
Name of publisher Oxford University Press ,
Year of publication 1966.
300 ## - PHYSICAL DESCRIPTION
Number of Pages 140 ; .
942 ## - ADDED ENTRY ELEMENTS (KOHA)
Koha item type Books
Holdings
Withdrawn status Lost status Damaged status Home library Current library Date acquired Full call number Accession Number Koha item type
Withdrawn     KAUAET Malayalam University 07/04/2012 415 4790 Books
Withdrawn     KAUAET Sanskrit University 07/04/2012 415 10970 Books
free website counter